Loading...
| Literature - Drama | 0 | 4 | 0 | 0 | 40 | 100 | 128.50 | 0 | 4 | 0.00 | 0.00 |
| Literature - Long Fiction | 0 | 3 | 0 | 2 | 30 | 116 | 137.00 | 1 | 3 | 0.00 | 0.00 |
| Fine Arts - Other | 0 | 2 | 0 | 0 | 20 | 92 | 110.50 | 1 | 2 | 0.00 | 0.00 |
| Literature - Poetry | 0 | 2 | 0 | 0 | 20 | 116 | 124.50 | 0 | 2 | 0.00 | 0.00 |
| Short Fiction and Other | 1 | 0 | 0 | 0 | 15 | 58 | 58.00 | 0 | 1 | 0.00 | 0.00 |
| Literature - Short Fiction | 0 | 1 | 0 | 0 | 10 | 122 | 122.00 | 0 | 1 | 0.00 | 0.00 |
| Philosophy | 0 | 1 | 0 | 0 | 10 | 122 | 122.00 | 0 | 1 | 0.00 | 0.00 |
| Fine Arts - Painting and Sculpture | 0 | 1 | 0 | 0 | 10 | 113 | 113.00 | 0 | 1 | 0.00 | 0.00 |
| Mythology | 0 | 1 | 0 | 0 | 10 | 119 | 119.00 | 0 | 1 | 0.00 | 0.00 |
| Fine Arts - Classical Music | 0 | 1 | 1 | 0 | 5 | 130 | 130.00 | 0 | 1 | 0.00 | 0.00 |
| Social Science | 0 | 0 | 1 | 0 | -5 | 0.00 | 0 | 0 | 0.00 | 0.00 | |
| Geography | 0 | 0 | 1 | 0 | -5 | 0.00 | 0 | 0 | 0.00 | 0.00 | |
| History - World | 0 | 0 | 1 | 0 | -5 | 0.00 | 0 | 0 | 0.00 | 0.00 | |
| Literature - Misc | 0 | 0 | 1 | 0 | -5 | 0.00 | 0 | 0 | 0.00 | 0.00 |